000 01218cam a2200301 i 4500
001 14390483
003 EG-ScBUE
005 20250311094839.0
008 060525t2007 nyua f b 001 0 eng d
020 _a1584887524 (alk. paper)
020 _a9781584887522
040 _aDLC
_beng
_erda
_cDLC
_dDLC
_dEG-ScBUE
082 0 4 _a530.12
_222
_bSWA
100 1 _aSwanson, D. G.
_q(Donald Gary),
_d1935-
_eauthor.
245 1 0 _aQuantum mechanics :
_bfoundations and applications /
_cD.G. Swanson, Auburn University, Alabama, USA.
264 1 _aNew York :
_bTaylor & Francis,
_c[2007]
264 4 _cc2007
300 _axi, 343 pages :
_billustrations ;
_c24 cm
336 _2rdacontent
_atext
_btxt
337 _aunmediated
_2rdamedia
_bn
338 _avolume
_bnc
_2rdacarrier
504 _aIncludes bibliographical references and index.
650 7 _aQuantum theory.
_2BUEsh
655 _vReading book
856 4 2 _3Publisher description
_uhttp://www.loc.gov/catdir/enhancements/fy0661/2006045501-d.html
942 _2ddc
_cBB
999 _c10604
_d10604